000 00210 a2200097 4500
001 41775
100 _aGeothe J W V
245 _aFaust
260 _aLondon
_bEncyclopedia Britannica
_c
090 _c25886
_d25886
942 _aNUST-CAE
_cM
_c17653
999 _c276848
_d276848